|
|
|
|
| LEADER |
00000nab a2200000 a 4500 |
| 001 |
vtls000876342 |
| 003 |
SK-MaSNL |
| 005 |
20260303224019.0 |
| 008 |
180206c1999 xo 0 slo |
| 015 |
|
|
|a SNBRB2004/06-18866
|
| 035 |
|
|
|a CLN000227894
|
| 040 |
|
|
|a SNKBUCL
|b slo
|c SNKBUCL
|e AACR2
|
| 041 |
0 |
|
|a slo
|
| 044 |
|
|
|a xo
|c SK
|
| 080 |
|
|
|a 343.819.5(=214.58)(437.1/.2)"1942"
|2 UDC-MRF-SK2
|
| 080 |
|
|
|a 323.15(=214.58)
|2 UDC-MRF-SK2
|
| 100 |
1 |
|
|a Jurová, Anna,
|d 1953-
|4 aut
|9 114645
|
| 245 |
1 |
0 |
|a Koncentračný tábor v Letech ako memento aj pre dnešok
|c Anna Jurová
|
| 610 |
2 |
7 |
|a Slovenská akadémia vied
|2 snkbucl
|9 125200
|
| 650 |
0 |
7 |
|a koncentračné tábory
|z Česko
|2 snkbucl
|9 23396
|
| 650 |
0 |
7 |
|a Rómovia
|x tábory koncentračné
|2 snkbucl
|9 1259294
|
| 650 |
0 |
7 |
|a romiká
|2 snkbucl
|9 72855
|
| 651 |
|
7 |
|a Lety (Česko : koncentračný tábor)
|y 1941-1942
|2 snkbucl
|9 860889
|
| 655 |
|
7 |
|a články z novín a časopisov
|2 snkbucl
|9 267496
|
| 773 |
0 |
|
|t Sam adaj
|q Sme tu
|g Roč. 2, č. 12 (1999), s. 10
|
| 850 |
|
|
|a Slovenská národná knižnica v Martine
|
| 852 |
|
|
|a SNK
|b KIS3GCP
|
| 958 |
|
|
|a RBX
|
| 999 |
|
|
|c 2250272
|d 2252202
|